|
|
|
|
| LEADER |
00000nam a22000007a 4500 |
| 005 |
20160302105727.0 |
| 007 |
cr|||| ||u| |
| 008 |
160302s2015 bl ||||| |||| 00||0 por d |
| 020 |
|
|
|a 978-85-8183-040-7
|
| 035 |
|
|
|a 13080
|
| 040 |
|
|
|a vLex
|
| 090 |
|
|
|c 5940
|d 5940
|
| 100 |
1 |
|
|a Lassalle, Ferdinand
|
| 245 |
1 |
|
|a O que ̌uma constituiȯ̂?
|h [Recurso electrn̤ico] /
|c Ferdinand Lassalle
|
| 256 |
|
|
|a Servicio en ln̕ea
|
| 260 |
|
|
|a Brasil
|b Pillares
|c 2015
|
| 300 |
|
|
|a 1 recurso electrn̤ico
|
| 500 |
|
|
|a A presente obra resulta de uma vida toda dedicada de estudos e pesquisas elaboradas por Ferdinand Lassalle. No inc̕io, ainda no introito, o cientista polons̊ assevera que esƠcolheu um tema que nô carece de muito coƠnhecimento por parte da sociedade, j ̀que se tratava de um tema recorrente e atual. Assim ele iniciou seu discurso na confern̊cia para um grupo de Berlim: “Escolhi um tema cuja importńcia nô necessita de encarecimento, devido a sua grande atualidade […] debatereƠmos os problemas constitucionais”. A obra “O que ̌uma Constituiȯ̂?” preƠcisa ser lida e estudada por doar-nos liė̳s primorosas de Economia, Administraȯ̂, Cin̊cias Polt̕icas, entre outras. É, sem dƠ︢vida, um manual profc̕uo de conhecimento. Ferdinand Lassalle se tornou uma antonoƠms̀ia do Direito Constitucional. Portanto, assim como nos referimos aos homens apaiƠxonados como Romeus, aos mďicos como Galenos, tambm̌ nos dirigimos aos magisƠter de Direito Constitucional como LassalƠle. Pela minha experin̊cia de vr̀ios livros publicados, uma centena de artigos escritos e uma infinidade de aulas ministradas, nô poderia cometer o abigeato de afirmar sem claudicaė̳s que a referida obra que ora se encontra em vossas môs mereceu ab initio o selo do Ékdotos (publique-se).
|
| 506 |
1 |
|
|a Contenido solo disponible en los productos indicados
|d vLex Global
|d vLex Global (Academic Edition, excluding Law Schools)
|d vLex Global (U.S. Academic Edition, Law Schools)
|d vLex Global (U.S. Academic Edition, excluding Law Schools)
|d vLex Global (Academic Edition, Law Schools)
|
| 650 |
0 |
4 |
|a Derecho
|z Brasil
|
| 740 |
0 |
|
|a vLex libros (servicio en ln̕ea)
|
| 856 |
4 |
0 |
|u http://vlex.com/source/que-e-uma-constitui-o--13080
|z Acceso restringido
|
| 942 |
|
|
|c BOOK
|
| 999 |
0 |
|
|a Law
|